Loading...
| Current Events | 1 | 20.00 | 100% | 100% | 0% |
| Fine Arts - Classical Music | 12 | 21.67 | 92% | 83% | 42% |
| Fine Arts - Other | 10 | 12.00 | 80% | 40% | 0% |
| Fine Arts - Painting & Sculpture | 8 | 20.00 | 100% | 75% | 25% |
| Geography | 4 | 12.50 | 100% | 25% | 0% |
| History - American | 6 | 11.67 | 83% | 33% | 0% |
| History - European | 10 | 17.00 | 90% | 50% | 30% |
| History - Other | 9 | 18.89 | 89% | 67% | 33% |
| History - World | 10 | 12.00 | 80% | 40% | 0% |
| Literature - American | 9 | 15.56 | 78% | 67% | 11% |
| Literature - British | 12 | 17.50 | 92% | 58% | 25% |
| Literature - European | 5 | 16.00 | 80% | 80% | 0% |
| Literature - World | 9 | 17.78 | 100% | 56% | 22% |
| Mythology | 7 | 7.14 | 43% | 29% | 0% |
| Other Academic | 5 | 6.00 | 60% | 0% | 0% |
| Philosophy | 10 | 19.00 | 100% | 70% | 20% |
| Religion | 11 | 10.91 | 82% | 27% | 0% |
| Science - Biology | 9 | 8.89 | 56% | 22% | 11% |
| Science - Chemistry | 9 | 14.44 | 89% | 56% | 0% |
| Science - Other | 8 | 13.75 | 100% | 38% | 0% |
| Science - Physics | 9 | 15.56 | 89% | 56% | 11% |
| Social Science | 12 | 13.33 | 92% | 33% | 8% |